| 000 | 01324cam a2200325 i 4500 | ||
|---|---|---|---|
| 001 | 15000198 | ||
| 003 | EG-ScBUE | ||
| 005 | 20240318102107.0 | ||
| 008 | 070910s2007 enk f e 000 0 eng d | ||
| 020 | _a9780199214921 | ||
| 040 |
_aDLC _beng _erda _cDLC _dDLC _dEG-ScBUE |
||
| 082 | 0 | 4 |
_a928.42 _222 _bCON |
| 245 | 0 | 4 |
_aThe concise Oxford companion to English literature / _cedited by Margaret Drabble and Jenny Stringer, Daniel Hahn. |
| 250 | _aThird edition. | ||
| 264 | 1 |
_aOxford ; _aNew York : _bOxford University Press, _c2007. |
|
| 300 |
_a804 pages ; _c20 cm |
||
| 336 |
_2rdacontent _atext _btxt |
||
| 337 |
_aunmediated _2rdamedia _bn |
||
| 338 |
_avolume _bnc _2rdacarrier |
||
| 650 | 7 |
_aEnglish literature _vEncyclopedias. _2BUEsh _929919 |
|
| 650 | 7 |
_aEnglish literature _vBio-bibliography _vEncyclopedias. _2BUEsh _929920 |
|
| 651 | 7 |
_aEnglish-speaking countries _xIntellectual life _vEncyclopedias. _2BUEsh _929921 |
|
| 651 | 7 |
_aEnglish-speaking countries _xIn literature _vEncyclopedias. _2BUEsh _929922 |
|
| 655 | _vReading book | ||
| 700 | 1 |
_aDrabble, Margaret, _d1939- _eeditor. _929923 |
|
| 700 | 1 |
_aStringer, Jenny, _eeditor. _929924 |
|
| 700 | 1 |
_aHahn, Daniel, _eeditor. |
|
| 942 |
_2ddc _cBB |
||
| 999 |
_c16730 _d16730 |
||